Central Library OPAC University of Rajshahi

The psychology of economics / (Record no. 32933)

MARC details
000 -LEADER
fixed length control field 00739cam a22002531 4500
001 - CONTROL NUMBER
control field 32933
003 - CONTROL NUMBER IDENTIFIER
rucl marc code BD-RjUL
005 - DATE AND TIME OF LATEST TRANSACTION
control field 20211209051922.0
008 - FIXED-LENGTH DATA ELEMENTS--GENERAL INFORMATION
fixed length control field 140429r19571955enk 001 0 eng
035 ## - SYSTEM CONTROL NUMBER
System control number (BD-RjUL)33023
System control number (OCoLC)767205
040 ## - CATALOGING SOURCE
Original cataloging agency DLC
Transcribing agency OYU
Modifying agency OCoLC
-- DLC
-- BD-RjUL
Language of cataloging eng
041 ## - LANGUAGE CODE
Language code of text/sound track or separate title eng
082 ## - DEWEY DECIMAL CLASSIFICATION NUMBER
Classification number 330.1
Author mark and year WEP 1957
100 1# - MAIN ENTRY--PERSONAL NAME
Personal name Weisskopf, Walter A.
9 (RLIN) 100107
245 14 - TITLE STATEMENT
Title The psychology of economics /
Statement of responsibility, etc. by Walter A Weisskopf.
260 ## - PUBLICATION, DISTRIBUTION, ETC. (IMPRINT)
Place of publication, distribution, etc. London :
Name of publisher, distributor, etc. Routledge & Kegan,
Date of publication, distribution, etc. 1955 [Impression 1957].
300 ## - PHYSICAL DESCRIPTION
Pagination viii, 266 p. ;
Size 23 cm.
504 ## - BIBLIOGRAPHY, ETC. NOTE
Bibliography, etc Includes bibliographical references and index
650 #0 - SUBJECT ADDED ENTRY--TOPICAL TERM
Topical term or geographic name as entry element Economics.
9 (RLIN) 100108
942 ## - ADDED ENTRY ELEMENTS (KOHA)
Source of classification or shelving scheme Dewey Decimal Classification
Koha item type Books
Holdings
Lost status Source of classification or shelving scheme Damaged status Not for loan Collection code Permanent Location Current Location Shelving location Date acquired Source of acquisition Cost, normal purchase price Total Checkouts Full call number Date last seen Copy number Koha item type
  Dewey Decimal Classification   Not For Loan Non-fiction Central Library, University of Rajshahi Central Library, University of Rajshahi Reading Room 17/08/1957 Pak. American 18.12   330.1 WEP 1955 29/04/2014 C-1 Books
  Dewey Decimal Classification     Non-fiction Central Library, University of Rajshahi Central Library, University of Rajshahi   11/06/1968 Zetlinger 25.00   330.1 WEP 1957 29/04/2014 C-2 Books